| 000 | 01424nam a2200301Ia 4500 | ||
|---|---|---|---|
| 999 |
_c54782 _d54782 |
||
| 001 | 21850 | ||
| 003 | GE_BSU | ||
| 005 | 20220524173827.0 | ||
| 008 | 181216s ||||ge |||||||||||||| ||geo|| | ||
| 020 | _a99940-66-01-3 | ||
| 040 | _cGE_BSU | ||
| 041 | _ageo | ||
| 080 | _a811.353.1-8(075.3) მ-40 | ||
| 100 |
_aროდონაია, ვ. _913828 |
||
| 245 |
_aდედაენა : _b1-ლი კლასი / _cვ. როდონაია, მ. მირიანაშვილი, ლ. ვაშაკიძე, ქ. თოფაძე ; მხატვ. ნინო ფერაძე. |
||
| 264 |
_aთბილისი : _bსაქართველოს მაცნე, _c2006. |
||
| 300 |
_a112 გვ. : _bილ. ; _c29 სმ. |
||
| 500 | _aპილოტირებულია... პროექტ "ილია ჭავჭავაძის" ფარგლებში 2005-06 სასწ. წელი | ||
| 541 | _h10 ლ. | ||
| 653 | _aდედაენა | ||
| 653 | _a1-ლი კლასი | ||
| 653 | _aქართული ენა | ||
| 700 |
_aმირიანაშვილი, მ. _eავტორი _913829 |
||
| 700 |
_aვაშაკიძე, ლ. _eავტორი _913830 |
||
| 700 |
_aთოფაძე, ქ. _eავტორი _913831 |
||
| 700 |
_aფერაძე, ნინო _eმხატვარი _913832 |
||
| 942 |
_cBK _2udc |
||